Language Quiz #1 - Statistics

General Stats
  • This quiz has been taken 20 times
  • The average score is 56 of 500
Answer Stats
Country Language % Correct
United Arab Emirates 🇦🇪 Arabic
95%
American Samoa 🇦🇸 | Anguilla 🇦🇮 | Antigua and Barbuda 🇦🇬 | +9 others English
89%
Spanish
79%
French
74%
Austria 🇦🇹 German
68%
Angola 🇦🇴 Portuguese
63%
Albania 🇦🇱 Albanian
58%
Armenian
58%
Bulgaria 🇧🇬 Bulgarian
58%
Andorra 🇦🇩 Catalan
58%
Aruba 🇦🇼 | Bonaire 🇧🇶 Dutch
58%
Russian
58%
Belarus 🇧🇾 Belarusian
53%
Greek
53%
Italian
53%
Pashto
53%
Belgium 🇧🇪 Flemish
47%
Persian
47%
Azerbaijan 🇦🇿 Azerbaijani
42%
Bosnia and Herzegovina 🇧🇦 Bosnian
42%
Turkish
42%
Chinese
37%
Bangladesh 🇧🇩 Bengali
32%
Croatian
32%
Åland 🇦🇽 Finnish
32%
Romani
32%
Serbian
32%
Swahili
32%
Ukrainian
32%
Uzbek
32%
Hebrew
26%
Japanese
26%
Brunei Darussalam 🇧🇳 Malay
26%
Slovenian
26%
Swedish
26%
Tswana
26%
Turkmen
26%
Brazil 🇧🇷 Brazilian
21%
Burmese
21%
Afghanistan 🇦🇫 Darī
21%
Kirundi
21%
Kurdish
21%
Nepali
21%
Romanian
21%
Georgian
16%
Mac
16%
Montenegrin
16%
Quechua
16%
Samo
16%
Samoan
16%
Afrikaans
11%
Balochi
11%
Guaraní
11%
Hungarian
11%
Luxembourgish
11%
Macedonian
11%
Antiguan-Creole
5%
Aromanian
5%
Ashkun
5%
Assyrian
5%
Brahui
5%
Central
5%
Central Ojibwe
5%
Chuckchenkish
5%
Dakota
5%
Bhutan 🇧🇹 Dzonghka
5%
Eastern Inuktitut
5%
Gawarbati
5%
Han
5%
Kikongo
5%
Kongo
5%
Ladin
5%
Maya
5%
Mossi
5%
Northwestern Ojibwe
5%
Ormuri
5%
Ottawa
5%
Parachi
5%
Antarctica 🇦🇶 Samish
5%
Savi
5%
Shughni
5%
Shumashti
5%
Southern Bavarian
5%
Suku
5%
Talysh
5%
Tatar
5%
Tregami
5%
Wakhi
5%
Walloon
5%
Western Inuktitut
5%
Woods Cree
5%
Yaka
5%
Yom
5%
Yombe
5%
Zande
5%
Abnaki
0%
Adnyamathanha
0%
Aja
0%
Algonquin
0%
Alur
0%
Alyawarr
0%
Amba
0%
Arakanese
0%
Assamese
0%
Assiniboine
0%
Atikarhekw
0%
Avars
0%
Ayizo Gbe
0%
Aymaq
0%
Aymara
0%
Ayoreo
0%
Baatonum
0%
Babine
0%
Badimaya
0%
Balleny
0%
Balochi-Brahui
0%
Bandjigali
0%
Bangala
0%
Baodjaiang
0%
Bayungu
0%
Beaver
0%
Belize-Creole
0%
Bellinsgauzenia
0%
Bemba
0%
Bembe
0%
Bésiro
0%
Biali
0%
Bidyara
0%
Bimini
0%
Birwa
0%
Bishnupriya
0%
Bissa
0%
Blackfoot
0%
Bobo
0%
Boden Lake Alemannic
0%
Bolo
0%
Bonaeronso
0%
Boo
0%
Borgu Fulfulde
0%
Brokkat
0%
Brokpa
0%
Budja
0%
Budukh
0%
Bumthang
0%
Burgerl andicroatian
0%
Carrier
0%
Cavinatio
0%
Cayuga
0%
Central Abaco
0%
Central Gheg
0%
Chácobo
0%
Chakwe
0%
Chali
0%
Champenois
0%
Chilcotin
0%
Chimén
0%
Cho-ca-nga-ca-kha
0%
Cokwe
0%
Comox
0%
Cordobés
0%
Cuyano
0%
Dagara
0%
Dakpa
0%
Darling
0%
Dendi
0%
Dene
0%
Deti
0%
Diriku
0%
Djauan
0%
Dogrib
0%
Dyangadi
0%
Dyirbal
0%
Dzala
0%
East Central Bavarian
0%
Eastern Ojibwe
0%
Ede Idaca
0%
Eduarda
0%
Eleutra
0%
Ese Ejja
0%
Exuma
0%
Fon
0%
Gamilaraay
0%
Ganadi
0%
Gangueb
0%
Garifuna
0%
Garo
0%
Gispy
0%
Gitxsan
0%
Gongduk
0%
Gorani
0%
Gourmantché
0%
Gourounsi
0%
Grangali
0%
Guaranitico
0%
Guarayu
0%
Guguyimidjir
0%
Gun
0%
Gurdjar
0%
Gwich'in
0%
Haida
0%
Halkomelem
0%
Hanec a-Humbe
0%
Havu
0%
Hazaragi
0%
Heinsuk
0%
Herera
0%
Hietshwara
0%
High Allemanic
0%
Holu
0%
Iban
0%
Ignaciano
0%
Ilgaanyatjarra
0%
Ilgadjunmaya
0%
Ilgana
0%
Ilgwi
0%
Inagua
0%
Innu Aimun
0%
Isfikashirni
0%
Ixoo
0%
Jaru
0%
Juhuri
0%
Kalanga
0%
Kamviri
0%
Kanju
0%
Kanyoka
0%
Kaska
0%
Kati
0%
Kekchi
0%
Khampa Tibetan
0%
Kheng
0%
Khinalug
0%
Kholsan
0%
Khumi Chin
0%
Khwe
0%
Kimbundu
0%
Kirghiz
0%
Kisikongo
0%
Kok Borok
0%
Kqalaqadi
0%
Kryz
0%
Kukatja
0%
Kuku-Yalanji
0%
Kumbainggar
0%
Kunjen
0%
Kurmanji
0%
Kurtöp
0%
Kurux
0%
Kutenai
0%
Kuuku-Yau
0%
Kwakiutl
0%
Kwangali
0%
Kx'aullein
0%
Kxoe
0%
Ladino
0%
Lakha
0%
Lendu
0%
Lepcha
0%
Lezgic
0%
Lhokpu
0%
Lillooet
0%
Limburgish
0%
Lingála
0%
Litoraleño
0%
Lobi
0%
Lokonda
0%
Londengese
0%
Lonkundo
0%
Lorrain
0%
Low Dietsch
0%
Luba
0%
Lucazi
0%
Luimbi
0%
Lunda
0%
Luvale
0%
Luyana
0%
Maleoite
0%
Małopolski
0%
Marka
0%
Mashi
0%
Maudland
0%
Maxi Gbe
0%
Mayaguana
0%
Mazowiecki
0%
Mbangala
0%
Mbukushu
0%
Mbunda
0%
Mbwela
0%
Meitei
0%
Mennonite Plautdietsch
0%
Micmac
0%
Minskian
0%
Mizo
0%
Mohawk
0%
Mojerio-Trinitario
0%
Mopán Maya
0%
Moselle Franconian
0%
Movima
0%
Mru
0%
Mundari
0%
Munsee
0%
Murrji
0%
Botswana 🇧🇼 Nama
0%
Naro
0%
Naskapi
0%
Ndombe
0%
Ndonga
0%
Neo-Aramaic
0%
New Devon
0%
New Swabia
0%
Nheengatu
0%
Nisga
0%
Nkangala
0%
Nkumbi
0%
Nootka
0%
Norteho
0%
North Abaco
0%
North Andros
0%
Northeastern Cree
0%
Northeastern Gheg
0%
Northern Inupiatun
0%
Northern Tosk
0%
Northern Tutchone
0%
North Slavey
0%
Northwestern Gheg
0%
Nyaneka
0%
Nyemba
0%
Nyengo
0%
'Nyenkha
0%
Ognia
0%
Ohuwal
0%
Okanagan
0%
'Olekha
0%
Oraon Sadri
0%
Oshiwambo
0%
Oung
0%
Ovimbundu
0%
Pakanha
0%
Papiamentu
0%
Pashai
0%
Patagónico
0%
Peul
0%
Picard
0%
Pini
0%
Pintiini
0%
Pintupi
0%
Pitantjatjara
0%
Plains Cree
0%
Plautdietsch
0%
Polackian
0%
Poruguese
0%
Potawatomi
0%
Prasuni
0%
Puntano
0%
Rajbanshi
0%
Rioplatense
0%
Ripuarian
0%
Ross
0%
Rutuls
0%
Ruund
0%
Salzburgish
0%
Sama
0%
Sangelchi
0%
Santali
0%
Sarsi
0%
Saxwe Gbe
0%
Sénoufo
0%
Severn Ojibwe
0%
Shahdagh
0%
Shtokavian
0%
Shua
0%
Shuswap
0%
Sloveri
0%
Sloverian
0%
Songo
0%
South Abaco
0%
South Andros
0%
South Central Bavarian
0%
Southeastern Cree
0%
Southern Gheg
0%
Southern Nago
0%
Southern Tosk
0%
South Slavey
0%
Southwest
0%
Spanish Wells
0%
Stoney
0%
Subiya
0%
Swabian
0%
Swampy Cree
0%
Sylheti
0%
Tacana
0%
Tagish
0%
Terena
0%
Thomphson
0%
Thua
0%
Tippera
0%
Tiwi
0%
Tlingit
0%
Toba
0%
Transitional
0%
Tsakhur
0%
Tshangla
0%
Tshiluba
0%
Tsimané
0%
Tsimshian
0%
Tsoa
0%
Tutchone
0%
Tyrd
0%
Udi
0%
Umbundu
0%
Uru-Chipaya
0%
Varieties
0%
Vicebskian
0%
Viennese
0%
Vojvodinian
0%
Waama
0%
Waigali
0%
Wajarri
0%
Walser
0%
Wangaaybuwan-Ilglyambaa
0%
Warduji
0%
Weenhayek
0%
West Central Bavaria
0%
Western Ojibwe
0%
West Flemish
0%
Wichi-Lhamtes Nocten
0%
Wik-Iiyang
0%
Wik-Mungkan
0%
Wirangu
0%
Worom
0%
Xindonga
0%
Yankunytjatjara
0%
Yauma
0%
Yawuru
0%
Yéyi
0%
Yidiny
0%
Yinggarda
0%
Yir Yoront
0%
Yuqui
0%
Yuracaré
0%
Zemba
0%
No matching quizzes found
Score Distribution
Percent of People with Each Score
Percentile by Number Answered
Your Score History
You have not taken this quiz